Statystyki dla Państwa graniczące z państwami na literę G (z mapą!)

Kliknij tutaj aby rozwiązać quiz!

Ogólne statystyki

  • Ten quiz został rozwiązany 229 razy
    (227 od ostatniego zresetowania)
  • Średni wynik to 21 z 28

Odpowiedzi na mapie

Odpowiedzi skodowane kolorowo w zielono-czerwonej skali na mapie do tego quizu, zgodnie z poniższymi procentami.
 

Statystyki odpowiedzi

Państwo% Poprawnych
Turcja
93%
Bułgaria
88%
Rosja
88%
Azerbejdżan
86%
Macedonia Północna
86%
Albania
85%
Armenia
85%
Meksyk
79%
Honduras
76%
Senegal
75%
Senegal
75%
Salwador
73%
Wybrzeże Kości
Słoniowej
73%
Brazylia
72%
Kamerun
72%
Kongo
72%
Mali
72%
Belize
71%
Gwinea
71%
Surinam
69%
Wenezuela
68%
Gwinea Bissau
66%
Sierra Leone
66%
Gwinea Równikowa
64%
Gabon
63%
Togo
62%
Liberia
59%
Burkina Faso
56%

Rozkład punktacji

Percentyl według liczby udzielonych odpowiedzi

Procent ludzi z każdym wynikiem

Twoja historia wyników

Nie rozwiązałeś tego quizu od ostatniego zresetowania